Manual de calefacción (Registro nro. 10590)
[ vista simple ]
| 000 -Cabecera | |
|---|---|
| Campo de control de longitud fija | 01036nam a22004217a 4500 |
| 005 - Fecha y hora de la última transacción | |
| Campo de control | 20240417185845.0 |
| 008 - Elementos de longitud fija--Información general | |
| Campo de control de longitud fija | 180424b xxu||||| |||| 00| 0 spa d |
| 020 ## - International Standard Book Number | |
| Número Internacional Estándar del Libro (ISBN) | 9788426717382 |
| 041 ## - Idioma | |
| Código de idioma | Español |
| 082 ## - Clasificación Decimal Dewey | |
| Número de clasificación | 697 J96ma |
| 100 ## - Entrada principal--Autor personal | |
| Nombre personal | Jutglar, Luis |
| 9 (RLIN) | 46881 |
| 100 ## - Entrada principal--Autor personal | |
| Nombre personal | Miranda, Ángel Luis |
| 9 (RLIN) | 46882 |
| 100 ## - Entrada principal--Autor personal | |
| Nombre personal | Villarubia, Miguel |
| 9 (RLIN) | 46883 |
| 245 ## - Título propiamente dicho | |
| Título | Manual de calefacción |
| 260 ## - Pie de imprenta | |
| Lugar de publicación, distribución, etc. | España |
| 260 ## - Pie de imprenta | |
| Nombre del editor, distribuidor, etc. | Lexus |
| 260 ## - Pie de imprenta | |
| Fecha de publicación, distribución, etc. | 2012 |
| 300 ## - Descripción física | |
| Extensión | 606 páginas |
| 650 ## - Materia general | |
| Temática (materia general) | CALEFACCIÓN |
| 650 ## - Materia general | |
| Temática (materia general) | GENERACIÓN DE CALOR |
| 650 ## - Materia general | |
| Temática (materia general) | COMBUSTIBLES |
| 650 ## - Materia general | |
| Temática (materia general) | PSICOMETRÍA |
| 650 ## - Materia general | |
| Temática (materia general) | CALEFACCIÓN ELÉCTRICA |
| 650 ## - Materia general | |
| Temática (materia general) | AHORRO ENERGÉTICO |
| 650 ## - Materia general | |
| Temática (materia general) | CONDENSACIÓN |
| 650 ## - Materia general | |
| Temática (materia general) | CALDERAS |
| 650 ## - Materia general | |
| Temática (materia general) | TUBERÍAS |
| 650 ## - Materia general | |
| Temática (materia general) | BOMBAS |
| 650 ## - Materia general | |
| Temática (materia general) | VENTILADORES |
| 650 ## - Materia general | |
| Temática (materia general) | EMISORES |
| 650 ## - Materia general | |
| Temática (materia general) | ENERGÍAS RENOVABLES |
| 650 ## - Materia general | |
| Temática (materia general) | ENERGÍA SOLAR |
| 650 ## - Materia general | |
| Temática (materia general) | GEOTERMIA |
| 650 ## - Materia general | |
| Temática (materia general) | AGUA CALIENTE SANITARIA |
| 650 ## - Materia general | |
| Temática (materia general) | INSTALACIONES |
| 942 ## - Punto de acceso adicional KOHA | |
| Tipo de ítem KOHA | Libro |
| Fuente del sistema de clasificación o colocación | Dewey Decimal Classification |
| Signatura completa | Código de barras | Programa Académico | Tipo de ítem |
|---|---|---|---|
| 697 J96ma | 16567 | Electrónica | Libro |